<?xml version="1.0" encoding="UTF-8"?>
<collection xmlns="http://www.loc.gov/MARC21/slim">
 <record>
  <leader>00590pamaa2200193   4500</leader>
  <controlfield tag="001">0000014077</controlfield>
  <controlfield tag="005">20060621090000.0</controlfield>
  <datafield tag="020" ind1="0" ind2="0">
   <subfield code="a">0582015278\0582231264(ELBS) </subfield>
  </datafield>
  <datafield tag="082" ind1=" " ind2=" ">
   <subfield code="a">624.171 MAR</subfield>
  </datafield>
  <datafield tag="090" ind1="0" ind2="0">
   <subfield code="a">TA645 </subfield>
   <subfield code="b">MAR 1990</subfield>
  </datafield>
  <datafield tag="100" ind1="1" ind2="0">
   <subfield code="a">MARSHALL </subfield>
  </datafield>
  <datafield tag="245" ind1="1" ind2="0">
   <subfield code="a">Marshall &amp; Nelson's structures  </subfield>
   <subfield code="c">revised by P. Bhatt and H.M. Nelson.</subfield>
  </datafield>
  <datafield tag="250" ind1="0" ind2="0">
   <subfield code="a">3rd ed.</subfield>
  </datafield>
  <datafield tag="260" ind1="0" ind2="0">
   <subfield code="a">Essex: </subfield>
   <subfield code="b">Longman Scientific &amp; Technical, </subfield>
   <subfield code="c">1990.</subfield>
  </datafield>
  <datafield tag="300" ind1=" " ind2=" ">
   <subfield code="a">xiii, 602p.: </subfield>
   <subfield code="b">25cm.</subfield>
  </datafield>
  <datafield tag="650" ind1="0" ind2="0">
   <subfield code="a">Structural analysis (Engineering) </subfield>
  </datafield>
  <datafield tag="700" ind1="1" ind2="1">
   <subfield code="a">BHATT, </subfield>
   <subfield code="h">P. </subfield>
  </datafield>
  <datafield tag="700" ind1="1" ind2="1">
   <subfield code="a">Nelson, </subfield>
   <subfield code="h">H.M. </subfield>
  </datafield>
  <datafield tag="740" ind1="0" ind2="0">
   <subfield code="a">Structures by P. Bhatt and H.M. Nelson</subfield>
  </datafield>
 </record>
</collection>
